Central Library OPAC University of Rajshahi

বাউল গান ও দুদ্দু শাহ্ / (Record no. 44579)

MARC details
000 -LEADER
fixed length control field 01170nam a2200277 a 4500
001 - CONTROL NUMBER
control field 44579
003 - CONTROL NUMBER IDENTIFIER
rucl marc code BD-RjUL
005 - DATE AND TIME OF LATEST TRANSACTION
control field 20211209053901.0
008 - FIXED-LENGTH DATA ELEMENTS--GENERAL INFORMATION
fixed length control field 160718s1964 bg ||||| |||| 00| 0 ben d
020 ## - INTERNATIONAL STANDARD BOOK NUMBER
Terms of availability : Tk. 3.50
035 ## - SYSTEM CONTROL NUMBER
System control number (BD-RjUL)44697
040 ## - CATALOGING SOURCE
Original cataloging agency BD-RjUL
Language of cataloging ben
Transcribing agency BD-RjUL
041 ## - LANGUAGE CODE
Language code of text/sound track or separate title ben
082 ## - DEWEY DECIMAL CLASSIFICATION NUMBER
Edition number 23
Classification number 782.42
Author mark and year BAU 1964
245 10 - TITLE STATEMENT
Title বাউল গান ও দুদ্দু শাহ্ /
Statement of responsibility, etc. বোরহানউদ্দিন খান জাহাঙ্গীর সম্পাদিত
250 ## - EDITION STATEMENT
Edition statement ১ম সং.
260 ## - PUBLICATION, DISTRIBUTION, ETC. (IMPRINT)
Place of publication, distribution, etc. ঢাকা :
Name of publisher, distributor, etc. বাংলা একাডেমী,
Date of publication, distribution, etc. ১৯৬৪ (১৩৭১)
300 ## - PHYSICAL DESCRIPTION
Pagination [৪০], ১৭০ পৃ. ;
Size ২৪ সেমি.
490 ## - SERIES STATEMENT
Series statement লোক-সাহিত্য সংরক্ষণ গ্রন্থমালা ;
Volume/sequential designation
600 ## - SUBJECT ADDED ENTRY--PERSONAL NAME
Personal name শাহ, দুদ্দু
Dates associated with a name ১৮৪১-১৯১৯
Personal name Shah, Duddu
Dates associated with a name 1841-1919
650 ## - SUBJECT ADDED ENTRY--TOPICAL TERM
Topical term or geographic name as entry element লোকগীতি
9 (RLIN) 136771
Topical term or geographic name as entry element Folk songs
9 (RLIN) 136772
700 ## - ADDED ENTRY--PERSONAL NAME
Personal name জাহাঙ্গীর, বোরহানউদ্দিন খান, সম্পাদক
942 ## - ADDED ENTRY ELEMENTS (KOHA)
Source of classification or shelving scheme Dewey Decimal Classification
Koha item type Books
Holdings
Lost status Source of classification or shelving scheme Damaged status Not for loan Collection code Permanent Location Current Location Shelving location Date acquired Source of acquisition Cost, normal purchase price Total Checkouts Full call number Date last seen Date checked out Copy number Koha item type
  Dewey Decimal Classification     Non-fiction Central Library, University of Rajshahi Central Library, University of Rajshahi   24/01/1967 Parchaged 3.50 1 B 782.42 BAU 1964 26/10/2025 13/10/2025 C-2 Books
  Dewey Decimal Classification     Non-fiction Central Library, University of Rajshahi Central Library, University of Rajshahi   01/02/1975 Bangla Academy, Dhaka 5.00 1 B 782.42 BAU 1964 24/12/2025 24/11/2025 C-3 Books
  Dewey Decimal Classification     Non-fiction Central Library, University of Rajshahi Central Library, University of Rajshahi   24/02/1975 Parchaged 3.50   B 782.42 BAU 1964 08/08/2016   C-4 Books
  Dewey Decimal Classification     Non-fiction Central Library, University of Rajshahi Central Library, University of Rajshahi   24/02/1975 Parchaged 3.50   B 782.42 BAU 1964 08/08/2016   C-5 Books
  Dewey Decimal Classification     Non-fiction Central Library, University of Rajshahi Central Library, University of Rajshahi   24/02/1975 Parchaged 3.50   B 782.42 BAU 1964 08/08/2016   C-6 Books
  Dewey Decimal Classification     Non-fiction Central Library, University of Rajshahi Central Library, University of Rajshahi   01/02/1975 Bangla Academy, Dhakad 3.50   B 782.42 BAU 1964 08/08/2016   C-7 Books
  Dewey Decimal Classification     Non-fiction Central Library, University of Rajshahi Central Library, University of Rajshahi   24/01/1967 Parabat 3.50   B 782.42 BAU 1964 22/08/2016   C-8 Books
  Dewey Decimal Classification     Non-fiction Central Library, University of Rajshahi Central Library, University of Rajshahi   09/07/1990 Sawkat Osman, Dhaka     B 782.42 BAU 1964 20/09/2016   C-9 Books
  Dewey Decimal Classification   Not For Loan Non-fiction Central Library, University of Rajshahi Central Library, University of Rajshahi Reading Room 01/02/1975 Bangla Academy, Dhaka 3.50   B 782.42 BAU 1964 20/12/2016   C-1 Books
  Dewey Decimal Classification     Non-fiction Central Library, University of Rajshahi Central Library, University of Rajshahi   01/02/1974 Bangla Academy, Dhaka. 3.50   B 782.42 BAU 1964 28/01/2017   C-10 Books
  Dewey Decimal Classification     Non-fiction Central Library, University of Rajshahi Central Library, University of Rajshahi General Stacks 01/02/1975 Bangla Academy 3.50   B 782.42 BAU 1964 06/11/2022   C-11 Books
  Dewey Decimal Classification     Non-fiction Central Library, University of Rajshahi Central Library, University of Rajshahi General Stacks 01/02/1975 Bangla Academy 3.50   782.42 BAU 1964 06/11/2022   C-12 Books